000 00701nam a2200289Ia 4500
005 20260324120823.0
008 008 260324s9999 xx 000 0 eng d
020 _a9781315772295
037 _aEBOOK
040 _aCRL
040 _beng
040 _cCRL
041 _2eng
041 _aeng
084 _qCRL
100 _aRuth Rosenberg
_91160103
245 0 _aMusic, Travel, and Imperial Encounter in 19th-Century France
245 0 _bMusical Apprehensions
260 _bTaylor and Francis
260 _c2014
365 _a
365 _b255
856 _uhttp://www.taylorfrancis.com/books/9781315772295
942 _cEBOOK
999 _c1751827
_d1751827